| 000 | 00360 a2200157 4500 | ||
|---|---|---|---|
| 001 | 126828 | ||
| 020 | _a9782011560544 | ||
| 040 | _cEscola Canadense de Niteroi | ||
| 100 | _aMarie-José Lopes | ||
| 245 | 1 | 0 | _aTotem 1: guide pédagogique méthode de français A1 |
| 300 | _bil. | ||
| 362 | 0 | _a2014 | |
| 490 | 0 | _aTotem | |
| 650 | 4 | _aFrancês | |
| 942 | _cBK | ||
| 999 |
_c126828 _d126828 |
||